FORENSIC SCIENCE AND LAW (Record no. 9110)

MARC details
000 -LEADER
fixed length control field 00440nam a22001697a 4500
005 - DATE AND TIME OF LATEST TRANSACTION
control field 20260331124338.0
008 - FIXED-LENGTH DATA ELEMENTS--GENERAL INFORMATION
fixed length control field 260331b |||||||| |||| 00| 0 eng d
020 ## - INTERNATIONAL STANDARD BOOK NUMBER
ISBN 978-93-48286-90-1
041 ## - LANGUAGE CODE
Language code of text/sound track or separate title eng
082 ## - DEWEY DECIMAL CLASSIFICATION NUMBER
Classification number 363.25 JAN-F
100 ## - MAIN ENTRY--AUTHOR NAME
Personal name JANDU, UPINDER SINGH AND JAND, DR. SARITA
245 ## - TITLE STATEMENT
Title FORENSIC SCIENCE AND LAW
260 ## - PUBLICATION, DISTRIBUTION, ETC. (IMPRINT)
Place of publication FARIDABAD
Name of publisher NEW ERA LAW PUBLICATION
300 ## - PHYSICAL DESCRIPTION
Number of Pages 677;P
650 ## - SUBJECT ADDED ENTRY--TOPICAL TERM
Topical Term LAW
942 ## - ADDED ENTRY ELEMENTS (KOHA)
Koha item type Books
Holdings
Lost status Damaged status Collection code Home library Current library Shelving location Date acquired Source of acquisition Cost, normal purchase price Serial Enumeration / chronology Full call number Accession Number Koha item type
    LAW JRU Library JRU Library Reference Section 31/03/2026 PURCHASE 695.00 LBI/000896 , DATE-28/03/2026 363.25 29400 Books
    LAW JRU Library JRU Library   31/03/2026 PURCHASE 695.00 LBI/000896 , DATE-28/03/2026 363.25 29401 Books